Interpolation and approximation by polynomials

Đã lưu trong:
書目詳細資料
主要作者: Phillips, George M.
格式: 圖書
語言:Undetermined
出版: New York Springer 2003
主題:
標簽: 添加標簽
沒有標簽, 成為第一個標記此記錄!
Thư viện lưu trữ: Trung tâm Học liệu Trường Đại học Cần Thơ
LEADER 00537nam a2200193Ia 4500
001 CTU_93840
008 210402s9999 xx 000 0 und d
020 |c 110.18 
082 |a 519.4 
082 |b P558 
100 |a Phillips, George M. 
245 0 |a Interpolation and approximation by polynomials 
245 0 |c George M. Phillips 
260 |a New York 
260 |b Springer 
260 |c 2003 
650 |a Numerical analysis,Approximation theory 
904 |i Tuyến 
980 |a Trung tâm Học liệu Trường Đại học Cần Thơ